[Event "Do it quickly! #4"]
[Site "SchemingMind.com"]
[Date "2013.01.16"]
[Round "-"]
[White "SAMAEL"]
[Black "Michal Drus"]
[Result "1-0"]
[WhiteCountry "CAN"]
[BlackCountry "POL"]
[WhiteElo "1713"]
[WhiteRD "45"]
[BlackElo "1609"]
[BlackRD "69"]
[GameID "324981"]

1. d4 d5 2. h3 Nf6 3. Nf3 e6 4. c4 g6 5. e3 c5 6. Be2 Ne4 7. O-O Bg7 8. Nc3 Nc6 9. cxd5 Nxc3 10. bxc3 cxd4
11. dxc6 dxc3 12. Qxd8+ Kxd8 13. cxb7 Bxb7 14. Rb1 Be4 15. Rb4 Bxf3 16. Bxf3 Rc8 17. Rd1+ Ke7 18. Rb7+ Kf6 19. Rdd7 Rhf8 20. Rbc7 Rxc7
21. Rxc7 Rb8 22. Rxc3 Bf8 23. Rb3 Rxb3 24. axb3 Bb4 25. Kf1
1-0

[Event "Do it quickly! #4"]
[Site "SchemingMind.com"]
[Date "2013.01.16"]
[Round "-"]
[White "Michal Drus"]
[Black "SAMAEL"]
[Result "1/2-1/2"]
[WhiteCountry "POL"]
[BlackCountry "CAN"]
[WhiteElo "1733"]
[WhiteRD "63"]
[BlackElo "1731"]
[BlackRD "56"]
[GameID "324982"]

1. e4 e5 2. Nf3 Nc6 3. Bb5 d6 4. d4 exd4 5. Qxd4 Bd7 6. e5 a6 7. Bxc6 Bxc6 8. Nbd2 dxe5 9. Qxe5+ Qe7 10. Nc4 Bxf3
11. gxf3 Qxe5+ 12. Nxe5 Nf6 13. Bg5 Be7 14. O-O-O O-O 15. Rhg1 Rfe8 16. Bh6 g6 17. Ng4 Kh8 18. h4 Nxg4 19. fxg4 Bxh4 20. Rd7 Kg8
21. f3 Re7 22. Rgd1 Rae8 23. Rd8 Bg3 24. R1d7 Bd6 25. Rxe7 Rxd8 26. Re1 f6 27. Be3 Re8 28. Kd1 Kf7 29. f4 Re4 30. Bd2 Rxe1+
31. Kxe1 h5 32. gxh5 gxh5 33. f5 Be5 34. Kf2 Ke7 35. Bb4+ Kd7 36. b3 Kc6 37. c4 b5 38. Kg2 Kb6 39. Be7 c5 40. Kh3 bxc4
41. bxc4 Bd4 42. Kh4 Ka5 43. Kxh5= Kb4 44. Kg6 Kxc4 45. Bxf6 Bxf6 46. Kxf6 Kd5 47. Kg6 c4 48. f6 c3 49. f7 c2 50. f8=Q c1=Q
51. Qd8+ Ke4 52. Qe8+=
1/2-1/2

[Event "Do it quickly! #4"]
[Site "SchemingMind.com"]
[Date "2013.01.16"]
[Round "-"]
[White "emvarela"]
[Black "Michal Drus"]
[Result "0-1"]
[WhiteCountry "ARG"]
[BlackCountry "POL"]
[WhiteElo "1738"]
[WhiteRD "51"]
[BlackElo "1680"]
[BlackRD "67"]
[GameID "325116"]

1. e4 c6 2. d4 d5 3. Nc3 dxe4 4. Nxe4 Nf6 5. Nxf6+ exf6 6. c3 Bd6 7. Bd3 Qc7 8. Nf3 Bg4 9. h3 Bh5 10. g4 Bg6
11. Bxg6 hxg6 12. Qe2+ Kf8 13. Be3 Nd7 14. O-O-O b5 15. Nd2 f5 16. gxf5 gxf5 17. Rdg1 f4 18. Qg4 Rg8 19. Ne4 fxe3 20. fxe3 Be7
21. Ng5 Nf6 22. Qh4 c5 23. Nh7+ Nxh7 24. Qxh7 cxd4 25. Qe4 Re8 26. Qxd4 Bc5
0-1

[Event "Do it quickly! #4"]
[Site "SchemingMind.com"]
[Date "2013.01.18"]
[Round "-"]
[White "emvarela"]
[Black "SAMAEL"]
[Result "1-0"]
[WhiteCountry "ARG"]
[BlackCountry "CAN"]
[WhiteElo "1738"]
[WhiteRD "51"]
[BlackElo "1716"]
[BlackRD "51"]
[GameID "325117"]

1. e4 e5 2. Nf3 Nc6 3. Bb5 d6 4. d4 exd4 5. Nxd4 Bd7 6. Nc3 a6 7. Bxc6 Bxc6 8. O-O Nf6 9. Re1 Be7 10. Nxc6 bxc6
11. Bg5 O-O 12. Qf3 c5 13. Rad1 h6 14. Bxf6 Bxf6 15. e5 Be7 16. exd6 cxd6 17. Nd5 Ra7 18. Nxe7+ Rxe7 19. Rxe7 Qxe7 20. Qd3 Rb8
21. b3 Rb6 22. Kf1 g6 23. Re1 Qf6 24. a4 Rb4 25. Re4 Rb6 26. g3 Kg7 27. Rf4 Qe5 28. Qf3 f5 29. g4 Rb8 30. gxf5 Rf8
31. f6+ Rxf6 32. Qb7+ Kg8 33. Re4 Qf5 34. Re8+ Rf8 35. Rxf8+ Qxf8 36. Qxa6 Qf4 37. Qc8+
1-0

[Event "Do it quickly! #4"]
[Site "SchemingMind.com"]
[Date "2013.01.15"]
[Round "-"]
[White "Michal Drus"]
[Black "emvarela"]
[Result "1-0"]
[WhiteCountry "POL"]
[BlackCountry "ARG"]
[WhiteElo "1733"]
[WhiteRD "63"]
[BlackElo "1779"]
[BlackRD "51"]
[GameID "325118"]

1. e4 e5 2. Nf3 Nc6 3. d4 exd4 4. Nxd4 Bc5 5. Nb3 Bb6 6. Nc3 d6 7. Bb5 Bd7 8. O-O Nf6 9. Bg5 O-O 10. Nd5 h6
11. Nxf6+ gxf6 12. Bxh6 Ne5 13. Bxd7 Qxd7 14. Bxf8 Kxf8 15. a4 a5 16. Nd4 Bxd4 17. Qxd4 Qg4 18. Ra3 Ke7 19. Rb3 f5 20. f3 Qg6
21. Rxb7 Kd7 22. Qb6 Rc8 23. f4 Nc6 24. e5 dxe5 25. Rd1+ Nd4 26. Qb5+ Qc6 27. fxe5
1-0

[Event "Do it quickly! #4"]
[Site "SchemingMind.com"]
[Date "2013.01.18"]
[Round "-"]
[White "SAMAEL"]
[Black "emvarela"]
[Result "0-1"]
[WhiteCountry "CAN"]
[BlackCountry "ARG"]
[WhiteElo "1716"]
[WhiteRD "51"]
[BlackElo "1738"]
[BlackRD "51"]
[GameID "325119"]

1. Nf3 d5 2. h3 Nc6 3. e3 a6 4. d4 e6 5. Be2 Bd6 6. O-O Nf6 7. c4 O-O 8. Nc3 dxc4 9. Bxc4 b5 10. Be2 Bb7
11. a3 Ne7 12. Nd2 c5 13. dxc5 Bxc5 14. Bf3 Bxf3 15. Nxf3 Qxd1 16. Rxd1 Rad8 17. Bd2 Ned5 18. Rac1 Nxc3 19. Bxc3 Nd5 20. Bd4 Bxd4
21. Rxd4 Rc8 22. Rdd1 Nb6 23. Kf1 Nc4 24. Rb1 Rfd8 25. Ke1 Rxd1+ 26. Kxd1 Nd6 27. Rc1 Rxc1+ 28. Kxc1 Ne4 29. Nd2 Nxf2 30. Kc2 f5
31. Kc3 Nd1+ 32. Kb4 Nxb2 33. Nb3 Nc4 34. Nc5 a5+ 35. Kxb5 Nxa3+ 36. Kxa5 Kf7 37. Kb4 Nc2+ 38. Kc3 Nxe3
0-1

[Event "Do it quickly! #4"]
[Site "SchemingMind.com"]
[Date "2013.01.16"]
[Round "-"]
[White "Gladiador"]
[Black "emvarela"]
[Result "0-1"]
[WhiteCountry "BRA"]
[BlackCountry "ARG"]
[WhiteElo "1321"]
[WhiteRD "154"]
[BlackElo "1759"]
[BlackRD "49"]
[GameID "325216"]

1. e4 e5 2. Nf3 Nc6 3. d4 exd4 4. Nxd4 Bc5 5. Nxc6 Qf6 6. Qe2 dxc6 7. Nc3 Be6 8. Be3 Ba3 9. Bc1 Bc5 10. h3 O-O-O
11. Bd2 Ne7 12. f3 Rd7 13. O-O-O Rhd8 14. a3 Ng6 15. g3 Ne5 16. f4 Nc4 17. e5 Qf5 18. Qe4 Nxd2 19. Qe2 Nxf1 20. Qxf1 Be3+
21. Kb1 Rxd1+ 22. Qxd1 Rxd1+ 23. Rxd1 Qxh3 24. Ne2 Bg4 25. Re1 Bxe2 26. Rxe2 Qf1+ 27. Ka2 Qxe2 28. c3 Bc1 29. Kb1 Qxb2#
0-1

[Event "Do it quickly! #4"]
[Site "SchemingMind.com"]
[Date "2013.01.16"]
[Round "-"]
[White "Gladiador"]
[Black "Michal Drus"]
[Result "0-1"]
[WhiteCountry "BRA"]
[BlackCountry "POL"]
[WhiteElo "1301"]
[WhiteRD "150"]
[BlackElo "1680"]
[BlackRD "67"]
[GameID "325217"]

1. e4 c6 2. Nf3 d5 3. e5 Bf5 4. d4 e6 5. Nc3 Bb4 6. Bd2 h6 7. h3 Nd7 8. Nh4 Qxh4 9. a3 Bxc3 10. Bxc3 Qe4+
11. Qe2 Qxe2+ 12. Bxe2 Bxc2 13. O-O Ne7 14. Rac1 Bb3 15. Bb4 a5 16. Bxe7 Kxe7 17. Rc3 a4 18. Bd3 c5 19. dxc5 Nxe5 20. Be2 Rhc8
21. Bb5 d4 22. Rcc1 Ra5 23. Be2 d3 24. Bd1 d2 25. Rc3 Raxc5 26. Rxc5 Rxc5 27. Bxb3 axb3 28. Kh2 Rc1
0-1

[Event "Do it quickly! #4"]
[Site "SchemingMind.com"]
[Date "2013.01.19"]
[Round "-"]
[White "Gladiador"]
[Black "SAMAEL"]
[Result "0-1"]
[WhiteCountry "BRA"]
[BlackCountry "CAN"]
[WhiteElo "1321"]
[WhiteRD "154"]
[BlackElo "1713"]
[BlackRD "45"]
[GameID "325218"]

1. e4 e5 2. Nf3 Nc6 3. d4 exd4 4. Nxd4 Nf6 5. Nxc6 bxc6 6. Qf3 Bb7 7. Bg5 Be7 8. Bc4 d6 9. Nc3 h6 10. Bh4 O-O
11. O-O Nd7 12. Rfe1 Bxh4 13. Rad1 Ne5 14. Qe2 Nxc4 15. g3 Bf6 16. Qxc4 Qc8 17. a3 Bxc3 18. Qxc3 Re8 19. Re3 Re7 20. Qb4 c5
21. Qc4 Qe6 22. Qxe6 Rxe6 23. f3 d5 24. Rdd3 Rae8 25. Kf2 dxe4 26. fxe4 Rxe4 27. Rxe4 Bxe4 28. Rc3 Re5 29. Re3 Rf5+ 30. Ke2 Bxc2
31. Re7 Ba4 32. Rxc7 a6 33. Ra7 g6 34. Rxa6 Bb5+ 35. Ke3 Bxa6 36. Ke4 Rf2 37. h3 Rxb2 38. Kd5 c4 39. Kd4 Rb3 40. Ke4 Rxa3
41. Kd4 Rd3+ 42. Ke4 c3
0-1

[Event "Do it quickly! #4"]
[Site "SchemingMind.com"]
[Date "2013.01.16"]
[Round "-"]
[White "Michal Drus"]
[Black "Gladiador"]
[Result "1-0"]
[WhiteCountry "POL"]
[BlackCountry "BRA"]
[WhiteElo "1733"]
[WhiteRD "63"]
[BlackElo "1276"]
[BlackRD "144"]
[GameID "325220"]

1. c4 e5 2. Nc3 Nf6 3. Nf3 Nc6 4. g3 Be7 5. Bg2 O-O 6. O-O d6 7. d3 a6 8. Nd5 Nxd5 9. cxd5 Nb8 10. d4 e4
11. Nd2 f5 12. Nb3 Nd7 13. h4 Nb6 14. f3 exf3 15. exf3 Bd7 16. g4 fxg4 17. fxg4 Bxh4 18. Rxf8+ Qxf8 19. Bd2 Nc4 20. Be1 Bxe1
21. Qxe1 Bxg4 22. Qc3 Nxb2 23. Qxb2 Qf6 24. Qf2 Qxf2+ 25. Kxf2 Re8 26. Re1 Rf8+ 27. Kg3 Bf5 28. Rf1 Bc2 29. Rc1 Bxb3 30. axb3 Rc8
31. b4 b6 32. Bh3 h6 33. Bxc8
1-0

[Event "Do it quickly! #4"]
[Site "SchemingMind.com"]
[Date "2013.01.19"]
[Round "-"]
[White "SAMAEL"]
[Black "Gladiador"]
[Result "1-0"]
[WhiteCountry "CAN"]
[BlackCountry "BRA"]
[WhiteElo "1713"]
[WhiteRD "45"]
[BlackElo "1321"]
[BlackRD "154"]
[GameID "325221"]

1. c4 e5 2. Nc3 Nc6 3. Nf3 Nf6 4. d3 d6 5. e3 Be7 6. Be2 O-O 7. O-O Bd7 8. Bd2 Re8 9. Re1 h6 10. h3 Nh7
11. a3 a6 12. b4 b5 13. cxb5 axb5 14. Nxb5 Bf6 15. Rc1 e4 16. dxe4 Rxe4 17. Bd3 Re7 18. Qc2 Rc8 19. Bxh7+ Kh8 20. Bd3 Ne5
21. Nxe5 Bxe5 22. f4 Bf6 23. Bc3 Rb8 24. Bxf6 gxf6 25. Nd4 Qg8 26. Bf5 Rbe8 27. Bxd7 Rxd7 28. Qf5 Rde7 29. Qxf6+ Qg7 30. Qxg7+ Kxg7
31. Nf5+ Kf8 32. Nxe7 Rxe7 33. a4 Ke8 34. a5 Kd7 35. a6 c6 36. a7 Kc7 37. a8=Q d5 38. Rxc6+ Kd7 39. Qc8#
1-0

[Event "Do it quickly! #4"]
[Site "SchemingMind.com"]
[Date "2013.01.21"]
[Round "-"]
[White "kenneth m day"]
[Black "emvarela"]
[Result "0-1"]
[WhiteCountry "USA"]
[BlackCountry "ARG"]
[WhiteElo "1791"]
[WhiteRD "48"]
[BlackElo "1765"]
[BlackRD "48"]
[GameID "325576"]

1. e4 e5 2. Nf3 Nc6 3. d4 exd4 4. c3 d6 5. Bc4 dxc3 6. Nxc3 Nf6 7. O-O Be6 8. Bxe6 fxe6 9. Qb3 Na5 10. Qxe6+ Qe7
11. Nd4 Qxe6 12. Nxe6 Kd7 13. Nd4 Re8 14. Re1 a6 15. Bf4 Nc4 16. b3 Ne5 17. Rad1 g6 18. h3 Bg7 19. Bg3 Nh5 20. Bh2 Nc6
21. Nde2 Re6 22. Nd5 Rxe4 23. Ndf4 Nxf4 24. Nxf4 Rhe8 25. Rxe4 Rxe4 26. f3 Rd4 27. Re1 Be5 28. Ne2 Bxh2+ 29. Kxh2 Rd2 30. Nc3 Nd4
31. Kg3 Nf5+ 32. Kh2 Rc2 33. Ne4 Rxa2 34. Nf6+ Kc6 35. Nxh7 Nh4 36. Kg3 Nxg2 37. Rc1+ Kb6 38. Nf6 c6 39. Ne8 d5 40. Nd6 Ne3
41. Kf4 d4 42. Ke4 c5 43. Nc8+ Kb5 44. Nd6+ Kc6 45. Nf7 Re2 46. Ne5+ Kd6 47. Nxg6 Nd5+ 48. Kf5 d3 49. Nf4 Nxf4 50. Kxf4 b5
51. h4 d2 52. Rd1 c4 53. bxc4 bxc4
0-1

[Event "Do it quickly! #4"]
[Site "SchemingMind.com"]
[Date "2013.01.21"]
[Round "-"]
[White "kenneth m day"]
[Black "Michal Drus"]
[Result "0-1"]
[WhiteCountry "USA"]
[BlackCountry "POL"]
[WhiteElo "1768"]
[WhiteRD "51"]
[BlackElo "1758"]
[BlackRD "68"]
[GameID "325577"]

1. e4 c6 2. c4 d5 3. cxd5 cxd5 4. exd5 Qxd5 5. Nc3 Qd8 6. d4 Nf6 7. Bc4 e6 8. Nf3 Be7 9. O-O Nc6 10. Re1 O-O
11. h3 Bb4 12. Be3 Ne4 13. Qc2 Bxc3 14. bxc3 Nf6 15. Bg5 h6 16. Bh4 g5 17. Bg3 g4 18. Ne5 gxh3 19. gxh3 Nxe5 20. Bxe5 Nd7
21. Re4 Nxe5 22. dxe5 a6 23. Kh2 f5 24. exf6 Qxf6 25. Rg1+ Kh8 26. Reg4 Qxf2+ 27. Qxf2 Rxf2+ 28. R1g2 Rxg2+ 29. Rxg2 b5 30. Bb3 Ra7
31. Re2 Rc7 32. Re3 e5 33. Rxe5 Rxc3 34. Re7 Bxh3 35. Ra7 Bc8 36. Ra8 Kg7 37. Bd5 h5 38. Ra7+ Kh6 39. Re7 Kg5 40. Bf7 Rc2+
41. Kg3 h4+ 42. Kf3 Rc3+ 43. Kf2 Kf6 44. Ra7 Rc2+ 45. Kg1 h3 46. Bd5 Ke5 47. Bb3 Rg2+ 48. Kh1 Bf5 49. Rxa6 Be4 50. Rh6 Rxa2+
51. Kg1 Rg2+ 52. Kf1 h2 53. Re6+ Kf5 54. Rxe4 h1=Q#
0-1

[Event "Do it quickly! #4"]
[Site "SchemingMind.com"]
[Date "2013.01.25"]
[Round "-"]
[White "kenneth m day"]
[Black "SAMAEL"]
[Result "0-1"]
[WhiteCountry "USA"]
[BlackCountry "CAN"]
[WhiteElo "1770"]
[WhiteRD "51"]
[BlackElo "1713"]
[BlackRD "45"]
[GameID "325578"]

1. e4 e5 2. Nf3 Nc6 3. c3 Nf6 4. d4 exd4 5. e5 Nd5 6. Qb3 Nb6 7. cxd4 Be7 8. d5 Nb4 9. Nc3 a5 10. a3 Na6
11. Be3 Nc5 12. Qc2 d6 13. Be2 O-O 14. O-O-O Re8 15. h4 g6 16. h5 Bf5 17. Bd3 Nxd3+ 18. Rxd3 Bxd3 19. Qxd3 Rc8 20. hxg6 fxg6
21. e6 c6 22. Kb1 Nxd5 23. Nxd5 cxd5 24. Qxd5 b6 25. Ng5 Qc7 26. Qe4 Bxg5 27. Bxg5 Qc4 28. Qxc4 Rxc4 29. e7 Rg4 30. f4 Rxg2
31. Rd1 h6 32. Rxd6 hxg5 33. Rd8 Kf7
0-1

[Event "Do it quickly! #4"]
[Site "SchemingMind.com"]
[Date "2013.01.21"]
[Round "-"]
[White "emvarela"]
[Black "kenneth m day"]
[Result "0-1"]
[WhiteCountry "ARG"]
[BlackCountry "USA"]
[WhiteElo "1738"]
[WhiteRD "51"]
[BlackElo "1752"]
[BlackRD "52"]
[GameID "325580"]

1. e4 c5 2. Nf3 d6 3. d4 cxd4 4. Nxd4 Nf6 5. Nc3 a6 6. Be3 e6 7. f3 b5 8. Qd2 Bb7 9. g4 Be7 10. O-O-O Nbd7
11. g5 Nh5 12. Be2 g6 13. f4 Ng7 14. h4 Nc5 15. h5 Nxe4 16. Nxe4 Bxe4 17. Rh2 Nf5 18. Nxf5 exf5 19. hxg6 fxg6 20. Qc3 O-O
21. Bd4 Rf7 22. Bf3 Rc8 23. Qb3 d5 24. Bxe4 dxe4 25. Bf6 Qe8 26. Rxh7 Bxf6 27. gxf6 Kxh7 28. Rh1+ Kg8 29. Rh6 e3 30. Rxg6+ Kh7
31. Rg3 Rxf6 32. Rxe3 Qc6 33. Rh3+ Kg7 34. Qg3+ Rg6
0-1

[Event "Do it quickly! #4"]
[Site "SchemingMind.com"]
[Date "2013.01.21"]
[Round "-"]
[White "Michal Drus"]
[Black "kenneth m day"]
[Result "1-0"]
[WhiteCountry "POL"]
[BlackCountry "USA"]
[WhiteElo "1733"]
[WhiteRD "63"]
[BlackElo "1720"]
[BlackRD "53"]
[GameID "325581"]

1. e4 c5 2. Nf3 d6 3. d4 cxd4 4. Nxd4 Nf6 5. Nc3 g6 6. Be2 Bg7 7. Be3 a6 8. Qd2 Nbd7 9. f3 b5 10. Nc6 Qc7
11. Nd4 Bb7 12. O-O-O Ne5 13. Bh6 O-O 14. Bxg7 Kxg7 15. a3 Qa5 16. g4 Rfc8 17. h4 Nc4 18. Bxc4 Rxc4 19. h5 b4 20. axb4 Rxb4
21. Nb3 Qc7 22. hxg6 fxg6 23. Qh6+ Kf7 24. g5 Ne8 25. Qxh7+ Ng7 26. Rh6 Rg8 27. Qxg6+ Kf8 28. Rh4 Rb6 29. Rf4+
1-0

[Event "Do it quickly! #4"]
[Site "SchemingMind.com"]
[Date "2013.01.25"]
[Round "-"]
[White "SAMAEL"]
[Black "kenneth m day"]
[Result "1-0"]
[WhiteCountry "CAN"]
[BlackCountry "USA"]
[WhiteElo "1716"]
[WhiteRD "51"]
[BlackElo "1752"]
[BlackRD "52"]
[GameID "325582"]

1. e4 c5 2. Nf3 d6 3. Nc3 Nc6 4. d3 Nf6 5. h3 g6 6. Be2 Bg7 7. O-O O-O 8. Re1 a6 9. Be3 e6 10. a3 b5
11. Nh2 Bb7 12. Ng4 Nd4 13. Bxd4 cxd4 14. Na2 d5 15. Nxf6+ Qxf6 16. Bf3 dxe4 17. dxe4 e5 18. Nb4 Qg5 19. Qc1 Bh6 20. Qxg5 Bxg5
21. Nd3 Rac8 22. Re2 Bf6 23. Rf1 Rc7 24. Rd1 Rfc8 25. Ne1 a5 26. Bg4 Rd8 27. Nd3 Rd6 28. f4 Rdc6 29. fxe5 Bg5 30. Ne1 Be3+
31. Kh1 Rc5 32. c3 Rxe5 33. cxd4 Rxe4 34. Nc2 Bh6 35. Ne1 Rce7 36. Rxe4 Rxe4 37. Bf3 Re7 38. Bxb7 Rxb7 39. Kg1 Rd7 40. Kf2 Rd5
41. Ke2 f5 42. Nc2 Kf7 43. b3 Ke6 44. Kd3 f4 45. Re1+ Kf5 46. Re7 Kf6 47. Rxh7 Bg7 48. Rh4 g5 49. Rg4 Kf5 50. g3 Be5
51. gxf4 Bxf4 52. Rg2 Rd6 53. Re2 Rd5 54. Re8 Bg3 55. Ne3+
1-0

[Event "Do it quickly! #4"]
[Site "SchemingMind.com"]
[Date "2013.01.21"]
[Round "-"]
[White "Gladiador"]
[Black "kenneth m day"]
[Result "0-1"]
[WhiteCountry "BRA"]
[BlackCountry "USA"]
[WhiteElo "1382"]
[WhiteRD "180"]
[BlackElo "1765"]
[BlackRD "52"]
[GameID "325583"]

1. e4 c5 2. Nf3 d6 3. Nc3 Nc6 4. Bb5 Bd7 5. O-O Rc8 6. d3 g6 7. Bc4 e6 8. Re1 Bg7 9. Bd2 Nf6 10. Bg5 O-O
11. Qd2 a6 12. Bh6 b5 13. Bb3 Na5 14. e5 Ng4 15. Bxg7 Kxg7 16. h3 Nh6 17. exd6 Rc6 18. Ne4 Nxb3 19. axb3 Nf5 20. c4 Nxd6
21. Nxd6 Rxd6 22. Qf4 Bc8 23. Qg5 Qxg5 24. Nxg5 Rxd3 25. Re3 Rd2 26. Ra2 Rfd8 27. Kh2 h6 28. Nf3 Rxf2 29. Kg1 Rc2 30. Rxa6 Bxa6
31. cxb5 Bxb5 32. Kh2 Rd1 33. Ne5 Rdd2 34. Rg3 Rxb2
0-1

[Event "Do it quickly! #4"]
[Site "SchemingMind.com"]
[Date "2013.01.23"]
[Round "-"]
[White "Andrew Bates"]
[Black "emvarela"]
[Result "1-0"]
[WhiteCountry "WLS"]
[BlackCountry "ARG"]
[WhiteElo "2045"]
[WhiteRD "105"]
[BlackElo "1738"]
[BlackRD "51"]
[GameID "325597"]

1. e4 e5 2. Nf3 Nc6 3. Bb5 a6 4. Ba4 Nf6 5. Qe2 b5 6. Bb3 Be7 7. O-O d6 8. c3 O-O 9. Rd1 Na5 10. Bc2 c5
11. d4 Qc7 12. d5 h6 13. Nbd2 Bg4 14. h3 Bxf3 15. Nxf3 Rfc8 16. b3 c4 17. b4 Nb7 18. a4 bxa4 19. Bxa4 a5 20. Bc6 axb4
21. Rxa8 Rxa8 22. cxb4 Qb6 23. Qxc4 Rb8 24. Be3 Qc7 25. Ra1 Nd8 26. b5 Nxc6 27. b6 Qc8 28. dxc6
1-0

[Event "Do it quickly! #4"]
[Site "SchemingMind.com"]
[Date "2013.01.21"]
[Round "-"]
[White "Andrew Bates"]
[Black "kenneth m day"]
[Result "1-0"]
[WhiteCountry "WLS"]
[BlackCountry "USA"]
[WhiteElo "2030"]
[WhiteRD "104"]
[BlackElo "1770"]
[BlackRD "51"]
[GameID "325598"]

1. e4 c5 2. Nf3 d6 3. Bb5+ Bd7 4. Bxd7+ Qxd7 5. O-O Nc6 6. Qe2 e6 7. Rd1 Nf6 8. d4 cxd4 9. Nxd4 Be7 10. c4 O-O
11. Nc3 Rac8 12. b3 a6 13. Bb2 Ne5 14. Rd2 Rfe8 15. Rad1 Qc7 16. h3 Qc5 17. Na4 Qc7 18. Kh1 Nc6 19. Nxc6 Qxc6 20. Bxf6 Bxf6
21. Rxd6 Qc7 22. Nb6 Rcd8 23. Nd7 Be7 24. R6d3 Bg5 25. e5 Re7 26. Nf6+ gxf6 27. Rxd8+ Kg7 28. h4 Bxh4 29. Qg4+ Bg5 30. f4
1-0

[Event "Do it quickly! #4"]
[Site "SchemingMind.com"]
[Date "2013.01.21"]
[Round "-"]
[White "Andrew Bates"]
[Black "Michal Drus"]
[Result "1/2-1/2"]
[WhiteCountry "WLS"]
[BlackCountry "POL"]
[WhiteElo "2061"]
[WhiteRD "101"]
[BlackElo "1733"]
[BlackRD "63"]
[GameID "325599"]

1. e4 c6 2. d4 d5 3. e5 Bf5 4. Nf3 Nd7 5. Be2 Nb6 6. O-O e6 7. Nc3 Bb4 8. Bd2 Ne7 9. a3 Bxc3 10. Bxc3 O-O
11. b3 a5 12. Qd2 Nd7 13. h3 Re8 14. Rfc1 c5 15. Bb2 Nc6 16. dxc5 Nxc5 17. Qe3 Ne4 18. c4 Rb8 19. Rd1 Ne7 20. Rac1 h6
21. Nd4 Bg6 22. Nb5 Nf5 23. Qf4 Ne7 24. Bf3 Rf8 25. Bd4 b6 26. Bxe4 Bxe4 27. Rc3 Bg6 28. Nd6 dxc4 29. Rxc4 Nd5 30. Qg3 b5
31. Rc5 Qd7 32. Rdc1 Kh8 33. Bb2 Kg8 34. Qf3 Rfd8 35. Kh2=
1/2-1/2

[Event "Do it quickly! #4"]
[Site "SchemingMind.com"]
[Date "2013.01.26"]
[Round "-"]
[White "Andrew Bates"]
[Black "SAMAEL"]
[Result "1-0"]
[WhiteCountry "WLS"]
[BlackCountry "CAN"]
[WhiteElo "1999"]
[WhiteRD "115"]
[BlackElo "1717"]
[BlackRD "52"]
[GameID "325600"]

1. e4 e5 2. Nf3 Nc6 3. Bb5 d6 4. d4 exd4 5. Nxd4 Bd7 6. Nc3 Nxd4 7. Qxd4 Nf6 8. Bg5 Be7 9. O-O-O O-O 10. Bxd7 Qxd7
11. e5 Ne8 12. h4 h6 13. Bxe7 Qxe7 14. Rhe1 Rd8 15. exd6 Qxd6 16. Qe3 Qf6 17. Nd5 Rxd5 18. Rxd5 Qxh4 19. Qxa7 Nf6 20. Rd2 Qf4
21. Qd4 Qxd4 22. Rxd4 Re8 23. Rxe8+ Nxe8 24. a4 Kf8 25. Rd7 b6 26. b4
1-0

[Event "Do it quickly! #4"]
[Site "SchemingMind.com"]
[Date "2013.01.21"]
[Round "-"]
[White "Andrew Bates"]
[Black "Gladiador"]
[Result "1-0"]
[WhiteCountry "WLS"]
[BlackCountry "BRA"]
[WhiteElo "1958"]
[WhiteRD "150"]
[BlackElo "1440"]
[BlackRD "209"]
[GameID "325601"]

1. e4 e5 2. Nf3 d6 3. d4 f6 4. Nc3 Bg4 5. Be3 Nc6 6. d5 Nce7 7. Bb5+ c6 8. dxc6 bxc6 9. Bc4 a5 10. h3 Bh5
11. Qd2 Rb8 12. O-O-O Qd7 13. Qxd6 Qxd6 14. Rxd6 Bxf3 15. gxf3 Ng6 16. Rxc6 N8e7 17. Re6 Kd8 18. Rd1+ Kc7 19. Nb5+ Kc8 20. Na7+ Kc7
21. Rd3 Nc8 22. Nb5+ Kb7 23. Bd5#
1-0

[Event "Do it quickly! #4"]
[Site "SchemingMind.com"]
[Date "2013.01.23"]
[Round "-"]
[White "emvarela"]
[Black "Andrew Bates"]
[Result "0-1"]
[WhiteCountry "ARG"]
[BlackCountry "WLS"]
[WhiteElo "1759"]
[WhiteRD "49"]
[BlackElo "2030"]
[BlackRD "104"]
[GameID "325602"]

1. e4 c6 2. d4 d5 3. Nc3 dxe4 4. Nxe4 Bf5 5. Ng3 Bg6 6. h4 h6 7. Nf3 Nd7 8. h5 Bh7 9. Bd3 Bxd3 10. Qxd3 e6
11. Bf4 Qa5+ 12. Bd2 Bb4 13. Ne4 Ngf6 14. Nd6+ Ke7 15. Nxb7 Bxd2+ 16. Nxd2 Qb4 17. Qa3 Qxa3 18. bxa3 Rab8 19. Na5 Rhc8 20. Nab3 c5
21. dxc5 Nxc5 22. Nxc5 Rxc5 23. c4 Rd8 24. Rc1 Re5+ 25. Kf1 Rxd2
0-1

[Event "Do it quickly! #4"]
[Site "SchemingMind.com"]
[Date "2013.01.21"]
[Round "-"]
[White "kenneth m day"]
[Black "Andrew Bates"]
[Result "0-1"]
[WhiteCountry "USA"]
[BlackCountry "WLS"]
[WhiteElo "1765"]
[WhiteRD "52"]
[BlackElo "1999"]
[BlackRD "115"]
[GameID "325603"]

1. e4 c6 2. c4 d5 3. cxd5 cxd5 4. exd5 Nf6 5. Nf3 Nxd5 6. Bc4 Nc6 7. d4 Bg4 8. Nc3 e6 9. a3 Bxf3 10. Qxf3 Nxd4
11. Qe4 Nxc3 12. bxc3 Rc8 13. Qxd4 Qxd4 14. Bb5+ Qd7 15. Bxd7+ Kxd7 16. Bd2 Bd6 17. O-O Rc4 18. a4 b6 19. Rfd1 Kc6 20. Be1 Rd8
21. h3 Be7 22. Rxd8 Bxd8 23. Ra3 Be7 24. Ra1 Bf6 25. Ra3 e5 26. f3 e4 27. a5 b5 28. Kf2 exf3 29. Kxf3 Ra4 30. Rb3 Rxa5
31. c4 bxc4 32. Re3 Re5
0-1

[Event "Do it quickly! #4"]
[Site "SchemingMind.com"]
[Date "2013.01.21"]
[Round "-"]
[White "Michal Drus"]
[Black "Andrew Bates"]
[Result "0-1"]
[WhiteCountry "POL"]
[BlackCountry "WLS"]
[WhiteElo "1680"]
[WhiteRD "67"]
[BlackElo "2045"]
[BlackRD "105"]
[GameID "325604"]

1. e4 c6 2. c4 d5 3. cxd5 cxd5 4. exd5 Nf6 5. Bb5+ Nbd7 6. Nc3 a6 7. Be2 Nb6 8. Bf3 Nbxd5 9. d3 e6 10. Bg5 h6
11. Nxd5 hxg5 12. Qa4+ Bd7 13. Nxf6+ gxf6 14. Qb3 Qa5+ 15. Kf1 Bb5 16. Ne2 Rd8 17. Rd1 Rd7 18. Qc3 Qxc3 19. Nxc3 Bxd3+ 20. Ne2 Rh4
21. Bxb7 Bxe2+ 22. Kxe2 Rxb7 23. b3 Re4+ 24. Kf3 Rf4+ 25. Ke3 Bc5+ 26. Kd2 Rxf2+
0-1

[Event "Do it quickly! #4"]
[Site "SchemingMind.com"]
[Date "2013.01.26"]
[Round "-"]
[White "SAMAEL"]
[Black "Andrew Bates"]
[Result "1-0"]
[WhiteCountry "CAN"]
[BlackCountry "WLS"]
[WhiteElo "1717"]
[WhiteRD "52"]
[BlackElo "1999"]
[BlackRD "115"]
[GameID "325605"]

1. d4 d5 2. e3 Nf6 3. Nf3 e6 4. c4 Be7 5. Nc3 O-O 6. Be2 dxc4 7. Bxc4 c5 8. O-O Nc6 9. a3 cxd4 10. Nxd4 Nxd4
11. Qxd4 Qxd4 12. exd4 Rd8 13. Be3 b6 14. h3 Bb7 15. Rac1 Rac8 16. Be2 Nd5 17. Nxd5 Bxd5 18. Rxc8 Rxc8 19. Rc1 Bf6 20. Rxc8+ Bd8
21. Rxd8#
1-0

[Event "Do it quickly! #4"]
[Site "SchemingMind.com"]
[Date "2013.01.21"]
[Round "-"]
[White "Gladiador"]
[Black "Andrew Bates"]
[Result "0-1"]
[WhiteCountry "BRA"]
[BlackCountry "WLS"]
[WhiteElo "1382"]
[WhiteRD "180"]
[BlackElo "1999"]
[BlackRD "115"]
[GameID "325606"]

1. e4 c6 2. d4 d5 3. e5 c5 4. Nf3 Nc6 5. c3 Bg4 6. Be2 e6 7. h3 Bxf3 8. Bxf3 Qb6 9. dxc5 Bxc5 10. Qe2 Qc7
11. Bf4 Nge7 12. O-O Ng6 13. Bg3 Ngxe5 14. b4 Bd6 15. Re1 Nxf3+ 16. Qxf3 Bxg3 17. Qxg3 Qxg3 18. fxg3 Kd7 19. Nd2 f6 20. Re3 Ne5
21. a4 Rhc8 22. a5 Rc6 23. Rc1 d4 24. Rxe5 fxe5 25. c4 b6 26. Nf3 Kd6 27. b5 Rc7 28. a6 Rac8 29. Nd2 Ke7 30. Kf2 e4
31. Nxe4 Rxc4 32. Rxc4 Rxc4 33. g4 Rb4 34. Ke2 Rxb5 35. Kd3 e5
0-1